Chansons les plus streamées : Jacques Brel - Statistiques

Statistiques générales
  • Ce quiz a été pris 197 fois
    33 depuis la dernière actualisation
  • Le résultat moyen est 6 sur 10
Statistiques - réponses
Nb de streams Chanson % Correct
15 000 000 Amsterdam (Live - Olympia / 1964)
93%
67 000 000 Ne me quitte pas
93%
40 000 000 Vesoul
77%
15 000 000 Ces gens-là
70%
32 000 000 La valse à mille temps
67%
39 500 000 Quand on n'a que l'amour
67%
12 000 000 Le plat pays
57%
6 000 000 Madeleine
50%
24 000 000 La chanson des vieux amants
47%
6 000 000 Voir un ami pleurer
0%
Aucun quiz correspondant
Distribution des résultats
% des personnes avec chaque résultat
Percentile par nombre de réponses
Votre historique - résultats
Vous n’avez pas pris ce quiz depuis la dernière actualisation